Research on correlation between compression index (Cc) with other properties of soil for geotechnical design in Sihanoukville city; Проблемы геологии и освоения недр; Т. 1

Dades bibliogràfiques
Parent link:Проблемы геологии и освоения недр: труды XXI Международного симпозиума имени академика М. А. Усова студентов и молодых ученых, посвященного 130-летию со дня рождения профессора М. И. Кучина, Томск, 3-7 апреля 2017 г./ Национальный исследовательский Томский политехнический университет (ТПУ), Институт природных ресурсов (ИПР) ; под ред. А. С. Боева.— , 2017
Т. 1.— 2017.— [С. 511-513]
Autor corporatiu: University of Transport and Communications
Altres autors: Hoang Anh Tuan (научный руководитель), Doan Cong Bien, Nguyen Ba Dong, Nguyen Hai Ha, Phi Hong Thinh
Sumari:Заглавие с экрана
Idioma:anglès
Publicat: 2017
Col·lecció:Гидрогеология и инженерная геология. Геоинформационные системы в гидрогеологических исследованиях
Matèries:
Accés en línia:http://earchive.tpu.ru/handle/11683/44292
Format: MixedMaterials Electrònic Capítol de llibre
KOHA link:https://koha.lib.tpu.ru/cgi-bin/koha/opac-detail.pl?biblionumber=624649

MARC

LEADER 00000naa2a2200000 4500
001 624649
005 20231101133326.0
035 |a (RuTPU)RU\TPU\conf\23909 
035 |a RU\TPU\conf\23908 
090 |a 624649 
100 |a 20171127d2017 k y0rusy50 ba 
101 0 |a eng 
102 |a RU 
105 |a y z 100zy 
135 |a drcn ---uucaa 
181 0 |a i  
182 0 |a b 
200 1 |a Research on correlation between compression index (Cc) with other properties of soil for geotechnical design in Sihanoukville city  |f Hoang Anh Tuan [et al.]  |g sci. adv. Phi Hong Thinh 
203 |a Текст  |c электронный 
225 1 |a Гидрогеология и инженерная геология. Геоинформационные системы в гидрогеологических исследованиях 
230 |a 1 компьютерный файл (pdf; 478 Kb) 
300 |a Заглавие с экрана 
320 |a [Библиогр.: с. 513 (6 назв.)] 
461 1 |0 (RuTPU)RU\TPU\conf\21932  |t Проблемы геологии и освоения недр  |o труды XXI Международного симпозиума имени академика М. А. Усова студентов и молодых ученых, посвященного 130-летию со дня рождения профессора М. И. Кучина, Томск, 3-7 апреля 2017 г.  |o в 2 т.  |f Национальный исследовательский Томский политехнический университет (ТПУ), Институт природных ресурсов (ИПР) ; под ред. А. С. Боева  |d 2017 
463 1 |0 (RuTPU)RU\TPU\conf\21936  |t Т. 1  |v [С. 511-513]  |d 2017 
610 1 |a электронный ресурс 
610 1 |a корреляция 
610 1 |a сжатие 
610 1 |a почвы 
610 1 |a физические свойства 
610 1 |a механические свойства 
610 1 |a глины 
610 1 |a фундаменты 
701 0 |a Hoang Anh Tuan 
701 0 |a Doan Cong Bien 
701 0 |a Nguyen Ba Dong 
701 0 |a Nguyen Hai Ha 
702 0 |a Phi Hong Thinh  |4 727 
712 0 2 |a University of Transport and Communications 
801 2 |a RU  |b 63413507  |c 20171201  |g RCR 
856 4 |u http://earchive.tpu.ru/handle/11683/44292 
942 |c BK